| 000 | 00770nam a22002297a 4500 | ||
|---|---|---|---|
| 999 |
_c158671 _d158671 |
||
| 005 | 20181110161736.0 | ||
| 010 | _aENG-124474 | ||
| 020 |
_a9789353062958 _c499.00 |
||
| 035 | _aEN-108006 | ||
| 037 | _bDBAD/PUB | ||
| 082 | _a620.00151 | ||
| 100 | _aSubramaniam N | ||
| 245 |
_aEngineering mathematics-1 / _cby N Subramaniam [and] K.S. Ramaswami; ed. by D Charles Fenny [and] M. Balakrishnan |
||
| 260 |
_aNew Delhi _bPearson _c2018 |
||
| 270 |
_a14 Local Shopping Centre, Panchsheel Park _bNew Delhi _e110017 |
||
| 300 |
_axii,various paging. _c24cm. (pbk) |
||
| 500 | _aIt includes short questions and answers | ||
| 700 | _aRamaswami, K.S. | ||
| 700 | _aFenny, D Charles | ||
| 700 | _aBalakrishnan, M. | ||
| 942 |
_2ddc _cEN _h620.00151 _mSUB |
||